Red de mentiras (Registro nro. 240418)

Detalles MARC
000 -ENCABEZADO
Número de control [NR] 02194 a2200325 4500
005 - FECHA Y HORA DE LA ÚLTIMA TRANSACCIÓN
control field 20140904083112.0
008 - DE LONGITUD FIJA DE DATOS DE ELEMENTOS - INFORMACIÓN GENERAL
Elementos de longitud fija [NR] 140401s2008 ag g 0 m mul d
040 ## - FUENTE DE CATALOGACION [NR]
Agencia de catalogación original [NR] CO-BoUCM
Idioma de catalogación [NR] spa
Quien Cataloga Jose A. Gerena (modificó)
Quien Clasifica Aldemar Mondragón
041 ## - CODIGO DE IDIOMA [R]
Código de idioma para texto/pista de sonido o título separado [R] Inglés
041 ## - CODIGO DE IDIOMA [R]
Código de idioma para texto/pista de sonido o título separado [R] Español
092 ## - SIGNATURA TOPOGRAFICA LOCAL
Número de clasificación local DVD 1365
245 00 - MENCION DE TITULO [NR]
Título [NR] Red de mentiras
Mención de responsabilidad, etc. [NR] Ridley Scott, director
Medio físico [NR] [DVD]
260 ## - PUBLICACION, DISTRIBUCION, ETC. (PIE DE IMPRENTA) [R]
Lugar de publicación, distribución, etc. [R] Buenos Aires (Argentina)
Nombre del editor, distribuidor, etc. [R] Warner Bros.
Fecha de publicación, distribución, etc. [R] 2008
300 ## - DESCRIPCION FISICA [R]
Extensión [R] 1 DVD, 128 minutos
Otros detalles físicos [NR] imagen, sonido, color
500 ## - NOTA GENERAL [R]
Nota general [NR] SINOPSIS: La CIA está en la búsqueda del cerebro de una ola de ataques terroristas. Roger Ferris, el hombre que la agencia destin para hacer el trabajo de campo, se dirige de un lado a otro intentando anticiparse a situaciones inesperadas. Un ojo en el cielo -una conexión satelital- vigila a Ferris. En el otro extremo de esa conexión en tiempo real está Ed Hoffman, de la CIA, tejiendo estrategias a miles de kilómetros de distancia. A medida que Ferris se acerca a su objetivo , descubre que la confianza puede ser tan peligrosa como necesaria para sobrevivir [Tomado de la fuente]
508 ## - NOTA DE CREDITOS DE CREACION/PRODUCCION [R]
Nota de créditos de creación/producción [NR] CRÉDITOS: Dirigida por Ridley Scott ; guion por William Monahan ; producida por Zakaria Alaoui ; música por Marc Streitenfeld ; fotografía por Alexander Witt ; diseño de producción por Arthur Max ; dirección de arte por Robert Cowper ; ambientación por Sonja Klaus ; vestuario por Janty Yates ; maquillaje por Aicha Ameziane
511 0# - NOTA DE PARTICIPANTE O INTERPRETE [R]
Nota de participante o intérprete [NR] REPARTO: Leonardo DiCaprio, Russell Crowe, Mark Strong, Golshifteh Farahani, Oscar Isaac, Ali Suliman, Alon Aboutboul, Vince Colosimo, Simon McBurney, Mehdi Nebbou
520 ## - NOTA DE RESUMEN, ETC. [R]
Nota de sumario, etc. [NR] Basada en la novela "Body of Lies" de David Ignatius
546 ## - NOTA DE IDIOMA [R]
Nota de idioma [NR] Audio en inglés, portugués y español. Subtítulos en inglés, portugués y español
650 #7 - ASIENTO SECUNDARIO DE MATERIA - TERMINO TEMATICO [R]
9 (RLIN) 7589
Término temático o nombre geográfico como elemento de entrada [NR] Espionaje
Subdivisión de forma [R] DVD
650 #7 - ASIENTO SECUNDARIO DE MATERIA - TERMINO TEMATICO [R]
9 (RLIN) 7903
Término temático o nombre geográfico como elemento de entrada [NR] Películas cinematográficas
Subdivisión de forma [R] DVD
650 #7 - ASIENTO SECUNDARIO DE MATERIA - TERMINO TEMATICO [R]
9 (RLIN) 51342
Término temático o nombre geográfico como elemento de entrada [NR] Películas de acción
Subdivisión de forma [R] DVD
690 ## - ASUNTO AGREGADO LOCAL DE ENTRADA - TÉRMINO TEMÁTICO (OCLC, RLIN)
9 (RLIN) 42805
Acceso temático local Entretenimiento
700 1# - ASIENTO SECUNDARIO - NOMBRE PERSONAL [R]
Nombre personal [NR] Scott, Ridley
Término de relación [R] director
9 (RLIN) 59430
710 2# - ASIENTO SECUNDARIO - NOMBRE CORPORATIVO [R]
Nombre corporativo o de jurisdicción como elemento de entrada [NR] Warner Bros.
9 (RLIN) 53187
710 2# - ASIENTO SECUNDARIO - NOMBRE CORPORATIVO [R]
Nombre corporativo o de jurisdicción como elemento de entrada [NR] Scott Free Productions
9 (RLIN) 56624
710 2# - ASIENTO SECUNDARIO - NOMBRE CORPORATIVO [R]
Nombre corporativo o de jurisdicción como elemento de entrada [NR] De Line Pictures
9 (RLIN) 58225
765 0# - ASIENTO DE IDIOMA ORIGINAL [R]
Título [NR] Body of lies
942 ## - ELEMENTOS DE ENTRADA AGREGADOS (KOHA)
Source of classification or shelving scheme LOCAL
Tema principal Entretenimiento
Koha item type Multimedia
Edition 1
Existencias
Suprimido Perdido Sistema de clasificación Dañado No prestable Tipo de ítem específico Ubicación habitual Ubicación actual Localización Fecha de creación Proveedor Forma de adquisición Costo Signatura topográfica Código de barras Última vez visto Ejemplar Costo de reposición Price effective from Tipo de ítem Total préstamos Total Renewals Fecha de último préstamo
    LOCAL     DVD Claustro Claustro Colección digital 01/04/2014   Donación 26000.00 DVD 1365 100141447 10/12/2024 Ej.2   01/04/2014 Multimedia 3 2 21/10/2017
    LOCAL   Préstamo restringido DVD Procesos Técnicos (no para préstamo) Procesos Técnicos (no para préstamo) Procesos Técnicos 18/02/2014 12 Donación 26000.00 DVD 1365 100141441 09/12/2025 Ej.1 26000.00 18/02/2014 Multimedia